Statistics for Answer Pictures Of Countries 2

Click here to take the quiz!

General Stats

  • This quiz has been taken 12 times
  • The average score is 9 of 16

Answer Stats

Answer% Correct
Iceland
100%
Nepal
92%
Vatican City
92%
Malaysia
83%
Singapore
83%
Finland
75%
Argentina
58%
Greenland
50%
Malta
50%
San Marino
50%
Bosnia and Herzegovina
42%
Luxembourg
42%
Taiwan
42%
Brunei
25%
North Macedonia
25%
Guatamala
8%

Score Distribution

Percentile by Number Answered

Percent of People with Each Score

Your Score History

You have not taken this quiz